Local volume table for mangrove forest, Sungei Merbok Forest Reserve, Kedah

Bibliographic Details
Main Author: SALIM bin Aman
Format: Book
Published: Serdang, Selangor : Universiti Putra Malaysia , 1998
Subjects:

MARC

LEADER 00000cam a2200000 7i4500
001 0000002111
005 20021016.0
090 0 0 |a R THE577.698   |b SAL 1998 
100 1 0 |a SALIM bin Aman 
245 1 0 |a Local volume table for mangrove forest, Sungei Merbok Forest Reserve, Kedah   |c by Salim bin Aman 
260 0 0 |a Serdang, Selangor :   |b Universiti Putra Malaysia ,   |c 1998 
300 |a xii, 144 p. :   |b ill. ;   |c 30 cm. 
500 0 0 |a Bibliography : p. 59-62 
500 0 0 |a Thesis : Bac. of Forestry Science, Universiti Putra Malaysia (1998) 
650 0 0 |a Mangrove forests   |z Sungai Merbok Forest Reserve, Kedah 
998 |a JPSM 
999 |a 0000003474   |b Monograph   |c Thesis   |e Default branch